000 00578nam a2200181 i 4500
001 41519
003 ES-MaACL
005 20230906160439.0
007 t|
008 030311s1918 cu ||||1| spa d
100 1 _aCarballo, Luis J. de.
_935004
245 1 3 _aEl eco de un pueblo /
_cL. J. de C. ; [translation from the spanish].
260 _aHavana [sic] :
_b[s.n.],
_c1918.
300 _a16 p. ;
_c20 cm.
500 _aTexto en español e inglés.
595 _aPublicado este artículo por la "La Prensa" el día 10 de diciembre de 1918.
852 _aES-MaACL
_j1572-F-11
999 _c41519
_d41519